| 000 | 00516nam a2200181 i 4500 | ||
|---|---|---|---|
| 001 | bgj | ||
| 100 | 1 | _aREUTER, Fritz. | |
| 245 | 1 | 0 |
_aSämmtliche Werke von Fritz Reuter : _bVolks-Ausgabe in 7 Bänden. _cFritz Reuter. _n1. Band / |
| 250 | _a2. Aufl. | ||
| 260 |
_aWismar : _bHinstorss'sche Hosbuchhandlung, _c1883. |
||
| 300 |
_aXXXII, 370 s. ; _b18 cm.9 |
||
| 650 | _aPowieść niemiecka | ||
| 040 | _cBPK | ||
| 041 | 0 | _ager | |
| 044 | _aDEU | ||
| 942 | _cKS | ||
| 008 | s gw f |000 0 ger | ||
| 999 |
_c49441 _d49441 |
||